| 000 | 00689nam a2200181Ia 4500 | ||
|---|---|---|---|
| 008 | 151202s9999||||xx |||||||||||||| ||und|| | ||
| 082 | _bPNVM-73705 | ||
| 100 | _aमुजावर इसाक. | ||
| 245 | _aगुरुदत्त-एक अशांत कलावंत. | ||
| 260 | _b"नवचैतन्य प्रकाशन,बोरोवली." | ||
| 260 | _c73705 | ||
| 300 | _a152 | ||
| 600 | _aमुजावर इसाक. | ||
| 630 | _aगुरुदत्त-एक अशांत कलावंत. | ||
| 700 | _aमुजावर इसाक. | ||
| 730 | _aगुरुदत्त-एक अशांत कलावंत. | ||
| 942 | _cBOOK | ||
| 999 |
_c1340368 _d1340365 |
||